[Event "EU-chT Seniors 03rd"]
[Site "Dresden"]
[Date "2001.02.26"]
[Round "1.1"]
[White "Bednarski, Jacek B"]
[Black "Walke, Guenter"]
[Result "1-0"]
[WhiteElo "2280"]
[BlackElo "1747"]
[EventDate "2001.02.26"]
[PlyCount "70"]

1.d4 d5 2.c4 Nf6 3.cxd5 Qxd5 4.Nc3 Qh5 5.Nf3 e6 6.e4 Bb4 7.Bd3 Nc6 8.O-O 
O-O 9.Ne2 Qa5 10.e5 Ne8 11.Bxh7+ Kh8 12.Bc2 Be7 13.Qd3 f5 14.exf6 Nxf6 15.
Nf4 Kg8 16.Bb3 Nb4 17.Qg6 Qb6 18.Ng5 Nbd5 19.Nxd5 exd5 20.Bxd5+ Kh8 21.
Nf7+ Kg8 22.Bb3 Be6 23.Bxe6 Qxe6 24.Ne5 Qd5 25.Be3 Ne4 26.f3 Rf6 27.Qg4 
Nd6 28.Bf2 Nb5 29.a4 Nd6 30.Rad1 Qb3 31.d5 Qxb2 32.Bd4 Qa2 33.Nd7 Rf7 34.
Qe6 Kh8 35.Bc5 Kg8 1-0

[Event "EU-chT Seniors 03rd"]
[Site "Dresden"]
[Date "2001.02.26"]
[Round "1.1"]
[White "Biebinger, Gerhard"]
[Black "Alter, Helmut"]
[Result "1-0"]
[WhiteElo "2344"]
[BlackElo "1784"]
[EventDate "2001.02.26"]
[PlyCount "107"]

1.c4 e5 2.Nc3 d6 3.Nf3 f5 4.d4 e4 5.Ng5 Nf6 6.Nh3 d5 7.Bg5 c6 8.cxd5 Bd6 
9.e3 O-O 10.Bc4 Kh8 11.dxc6 Nxc6 12.Nf4 Bxf4 13.Bxf4 a6 14.a4 Qe8 15.Bd6 
Rf7 16.O-O Rd7 17.Bg3 g5 18.f4 g4 19.Bh4 Rd6 20.a5 Qg6 21.Qb3 g3 22.hxg3 
Nh5 23.Ne2 Nf6 24.Rfd1 Ng4 25.d5 Nb8 26.Nd4 Nd7 27.Ne6 Ndf6 28.Nc7 Ra7 29.
Qc3 Kg7 30.Qd4 Qf7 31.Qxa7 Qxc7 32.b3 Kg6 33.Qd4 Be6 34.Bxf6 Nxf6 35.Qe5 
Qc5 36.Rd4 Bf7 37.Rad1 Ng4 38.Qe7 Nf6 39.g4 fxg4 40.Kh2 Kg7 41.Qe5 Bg6 42.
f5 Bh5 43.Kg3 Bf7 44.Rxe4 h5 45.Red4 Rd8 46.Kh4 Qd6 47.Qxd6 Rxd6 48.Kg5 
Nd7 49.e4 Ne5 50.Be2 Be8 51.Rb4 Rd7 52.Kf4 Nf7 53.Rb6 Nd8 54.e5 1-0

[Event "EU-chT Seniors 03rd"]
[Site "Dresden"]
[Date "2001.02.26"]
[Round "1.1"]
[White "Boehnisch, Manfred"]
[Black "Langmann, Claus"]
[Result "1-0"]
[WhiteElo "2265"]
[BlackElo "2001"]
[EventDate "2001.02.26"]
[PlyCount "81"]

1.e4 c5 2.Nf3 Nc6 3.Bb5 a6 4.Bxc6 bxc6 5.d3 d5 6.Nbd2 g6 7.Qe2 Bg7 8.Nb3 
e6 9.O-O Qb6 10.Qe3 d4 11.Qg5 Nf6 12.Qxc5 Qxc5 13.Nxc5 Nd7 14.Nxd7 Bxd7 
15.Bf4 O-O 16.Be5 c5 17.Bxg7 Kxg7 18.Ne5 Rfd8 19.f4 f6 20.Nc4 Bb5 21.Nd2 
Rac8 22.b3 Rb8 23.Rae1 Rf8 24.Rf2 Rb7 25.g4 Rbf7 26.h4 h6 27.Kh2 g5 28.Kg3
e5 29.fxg5 fxg5 30.Rxf7+ Rxf7 31.hxg5 hxg5 32.Nf3 Re7 33.Rh1 Be8 34.Nxg5 
Kg6 35.Nf3 Bd7 36.Rh5 Kf6 37.Rh6+ Kg7 38.Rxa6 Kf8 39.a4 Rg7 40.Nxe5 Bc8 
41.Rc6 1-0

[Event "EU-chT Seniors 03rd"]
[Site "Dresden"]
[Date "2001.02.26"]
[Round "1.1"]
[White "Denda, Ronald"]
[Black "Delander, Adolf"]
[Result "1/2-1/2"]
[WhiteElo "1961"]
[BlackElo "2066"]
[EventDate "2001.02.26"]
[PlyCount "56"]

1.e4 c6 2.d4 d5 3.exd5 cxd5 4.c4 Nf6 5.Nc3 e6 6.Nf3 Be7 7.c5 O-O 8.b4 Ne4 
9.Bb2 f5 10.Be2 Bf6 11.O-O Nd7 12.a4 a5 13.Qb3 axb4 14.Qxb4 Qa5 15.Qxa5 
Rxa5 16.Rfc1 g5 17.Nd1 g4 18.Ne1 e5 19.f3 gxf3 20.gxf3 Ng5 21.Bc3 Ra8 22.
Nc2 e4 23.Nce3 exf3 24.Bd3 Nxc5 25.dxc5 Bxc3 26.Nxc3 d4 27.Ned5 dxc3 28.
Rxc3 Ne4 1/2-1/2

[Event "EU-chT Seniors 03rd"]
[Site "Dresden"]
[Date "2001.02.26"]
[Round "1.1"]
[White "Eskandary, Jahja"]
[Black "Rosen, Willy"]
[Result "0-1"]
[WhiteElo "2142"]
[BlackElo "2263"]
[EventDate "2001.02.26"]
[PlyCount "57"]

1.e4 c5 2.Nc3 Nc6 3.Bc4 g6 4.d3 Bg7 5.Be3 Nd4 6.Qd2 e6 7.a3 Ne7 8.Ba2 Qa5 
9.Rc1 b5 10.Nd1 Qxd2+ 11.Bxd2 a5 12.c3 Ndc6 13.Nf3 d5 14.exd5 exd5 15.Ne3 
Be6 16.Ng5 b4 17.O-O O-O 18.Nxe6 fxe6 19.Rfe1 Rfb8 20.f4 Rb6 21.Bb1 bxa3 
22.bxa3 Rb3 23.Nc2 Kf7 24.c4 Rxd3 25.cxd5 exd5 26.Rcd1 Rb8 27.Be3 Rxd1 28.
Rxd1 d4 29.Bc1 0-1

[Event "EU-chT Seniors 03rd"]
[Site "Dresden"]
[Date "2001.02.26"]
[Round "1.1"]
[White "Hecht, Hans Joachim"]
[Black "Uhlmann, Wolfgang"]
[Result "1/2-1/2"]
[WhiteElo "2436"]
[BlackElo "2412"]
[EventDate "2001.02.26"]
[PlyCount "46"]

1.Nf3 Nf6 2.c4 g6 3.Nc3 Bg7 4.e4 d6 5.d4 O-O 6.Be2 e5 7.O-O Nc6 8.d5 Ne7 
9.Nd2 a5 10.a3 Bd7 11.Rb1 a4 12.b4 axb3 13.Nxb3 c5 14.dxc6 Bxc6 15.Qd3 Ne8
16.Rd1 f5 17.Bf3 f4 18.c5 Rf6 19.Nd2 Qc7 20.Nb5 Bxb5 21.Qxb5 dxc5 22.Nc4 
Nd6 23.Rxd6 Rxd6 1/2-1/2

[Event "EU-chT Seniors 03rd"]
[Site "Dresden"]
[Date "2001.02.26"]
[Round "1.1"]
[White "Kahn, Manfred"]
[Black "Vasiukov, Evgeni"]
[Result "1/2-1/2"]
[WhiteElo "2107"]
[BlackElo "2530"]
[EventDate "2001.02.26"]
[PlyCount "75"]

{Schach Magazin 64 Heft 6/2001 Seite 157} 
1.d4 Nf6 2.Bg5 g6 3.Bxf6 exf6 4.e3 Bg7 5.c4 O-O 6.Nc3 f5 7.g3 Re8 8.Bg2 d6
9.Nge2 Nd7 10.O-O h5 11.Qd3 h4 12.b4 hxg3 13.hxg3 Nf6 14.a4 a5 15.b5 Rb8 
16.Rab1 Bd7 17.Nf4 Bh6 18.Rb2 Kg7 19.Rd1 Bxf4 20.exf4 Rh8 21.Re2 Rh5 22.c5
Qf8 23.c6 bxc6 24.bxc6 Bc8 25.Nb5 Ba6 26.d5 Qd8 27.Rde1 Rh8 28.Re7 Bxb5 
29.axb5 Re8 30.Rxe8 Nxe8 31.Qc3+ Qf6 32.Qxa5 Qd4 33.Bf1 Nf6 34.Qa1 Qxd5 
35.Re7 Rh8 36.Bg2 Qxb5 37.Rxc7 d5 38.Rd7 {Hier bot der Aussenseiter Remis 
an,} 
    ( 38.Rd7 {was GM Vasiukov wegen} 38...Qxc6 39.Rxd5 {mit v@ llig 
    ausgeglichener Stellung auch akzeptierte.} )
1/2-1/2

[Event "EU-chT Seniors 03rd"]
[Site "Dresden"]
[Date "2001.02.26"]
[Round "1.1"]
[White "Neudel, Bernd"]
[Black "Weber, Bernd"]
[Result "0-1"]
[WhiteElo "1782"]
[BlackElo "2146"]
[EventDate "2001.02.26"]
[PlyCount "74"]

1.d4 Nf6 2.c4 e6 3.Nf3 Bb4+ 4.Bd2 Qe7 5.Nc3 O-O 6.g3 d6 7.Bg2 e5 8.O-O c6 
9.dxe5 dxe5 10.Qc2 Bg4 11.b3 Nbd7 12.Rfe1 Rad8 13.Rad1 h6 14.Ne4 Bxd2 15.
Nfxd2 Nxe4 16.Bxe4 f5 17.Bf3 Bh3 18.Bg2 Bxg2 19.Kxg2 e4 20.e3 Ne5 21.f4 
Nd3 22.Re2 Qf7 23.Rf1 Rd7 24.a3 a5 25.Nb1 Rfd8 26.Nc3 Qe7 27.Nb1 Qc5 28.
Qc3 b6 29.Qc2 Qe7 30.Qc3 Nc5 31.b4 axb4 32.axb4 Nd3 33.b5 Rc7 34.Qb3 Nc5 
35.Qb4 Qf6 36.Na3 Ra7 37.Qb3 $4 Nxb3 0-1

[Event "EU-chT Seniors 03rd"]
[Site "Dresden"]
[Date "2001.02.26"]
[Round "1.1"]
[White "Rotstein, Jefim"]
[Black "Hunold, Rolf"]
[Result "1-0"]
[WhiteElo "2344"]
[BlackElo "1979"]
[EventDate "2001.02.26"]
[PlyCount "68"]

1.d4 Nf6 2.Nf3 e6 3.e3 b6 4.Bd3 Bb7 5.O-O d6 6.c4 Nbd7 7.Nc3 e5 8.e4 Be7 
9.b3 O-O 10.Bb2 Re8 11.Re1 Bf8 12.Nd5 g6 13.Qc2 Bg7 14.dxe5 dxe5 15.Rad1 
c6 16.Nxf6+ Qxf6 17.Bc1 h6 18.h3 Rad8 19.Nh2 Bc8 20.Ng4 Qh4 21.Bf1 h5 22.
Nh2 Nf8 23.c5 b5 24.Rd6 Rxd6 25.cxd6 Bd7 26.Qc5 Ra8 27.Nf3 Qd8 28.Nxe5 Ne6
29.Qc3 Qf6 30.Bb2 Be8 31.Qe3 Rd8 32.Nd3 Qg5 33.Qxg5 Nxg5 34.e5 Ne6 1-0

[Event "EU-chT Seniors 03rd"]
[Site "Dresden"]
[Date "2001.02.26"]
[Round "1.1"]
[White "Stavenhagen, Johannes"]
[Black "Dahlhaus, Friedhelm"]
[Result "0-1"]
[WhiteElo "1862"]
[BlackElo "2120"]
[EventDate "2001.02.26"]
[PlyCount "56"]

1.d4 Nf6 2.c4 e6 3.a3 Be7 4.Nc3 b6 5.e4 d6 6.f4 Bb7 7.Bd3 d5 8.cxd5 exd5 
9.e5 Ne4 10.Qg4 g6 11.Nge2 f5 12.exf6 Nxf6 13.Qe6 Qd7 14.Qxd7+ Nbxd7 15.
Nb5 Kd8 16.f5 c6 17.Nbc3 Bd6 18.Bg5 Kc7 19.Rc1 a6 20.O-O Raf8 21.Nf4 Kb8 
22.Bh6 Re8 23.Bg7 Bxf4 24.Rxf4 Nh5 25.Bxh8 Nxf4 26.Bc2 Rxh8 27.Rf1 g5 28.
g3 Nh5 0-1

[Event "EU-chT Seniors 03rd"]
[Site "Dresden"]
[Date "2001.02.26"]
[Round "1.1"]
[White "Zaitsev, Igor A"]
[Black "Rudnik, Heinz"]
[Result "1-0"]
[WhiteElo "2418"]
[BlackElo "2089"]
[EventDate "2001.02.26"]
[PlyCount "67"]

1.e4 c5 2.Nf3 Nc6 3.Bb5 g6 4.O-O Bg7 5.c3 a6 6.Bxc6 dxc6 7.d4 cxd4 8.cxd4 
Nf6 9.Nc3 O-O 10.h3 b5 11.Qc2 Qc7 12.Bg5 Be6 13.Rfe1 Rac8 14.Qc1 Rfd8 15.
Qe3 Qa5 16.a3 Qb6 17.e5 Nd5 18.Nxd5 Bxd5 19.Bxe7 Re8 20.Bc5 Qd8 21.a4 h6 
22.axb5 axb5 23.Ra7 Ra8 24.Rea1 Rxa7 25.Rxa7 Qc8 26.Qd3 Bc4 27.Qc2 Bd5 28.
Nh2 Qe6 29.Ng4 Bb3 30.Qd2 Kh7 31.Qf4 Bd5 32.Ne3 Bb3 33.Qf3 Qc8 34.d5 1-0

[Event "EU-chT Seniors 03rd"]
[Site "Dresden"]
[Date "2001.02.26"]
[Round "1.2"]
[White "Biermann, Klaus"]
[Black "Ljuboschitz, Alexander"]
[Result "1/2-1/2"]
[WhiteElo "2027"]
[BlackElo "2116"]
[EventDate "2001.02.26"]
[PlyCount "99"]

1.d4 Nf6 2.Bg5 Ne4 3.Bf4 d5 4.f3 Nf6 5.e4 dxe4 6.Nc3 e3 7.Bd3 e6 8.Nge2 
Bd6 9.Bxe3 O-O 10.Qd2 c6 11.O-O Qc7 12.h3 Nbd7 13.Ne4 Nd5 14.Nxd6 Qxd6 15.
Bf2 Nb4 16.Bg3 Qe7 17.Bc4 a5 18.a3 Nd5 19.Rae1 b6 20.Nc3 Nxc3 21.Qxc3 Bb7 
22.f4 Qf6 23.f5 exf5 24.Be5 Nxe5 25.dxe5 Qe7 26.Rxf5 Qc5+ 27.Re3 Rad8 28.
Rf4 Bc8 29.Kh2 Rde8 30.b4 axb4 31.axb4 Qe7 32.Bb3 Qc7 33.Bd5 Bd7 34.Rc4 
Rc8 35.Bxc6 Be6 36.Bd5 Qd7 37.Bxe6 Qxe6 38.Rxc8 Rxc8 39.Qd4 h6 40.c3 Qf5 
41.c4 Qc2 42.Qc3 Qf2 43.c5 bxc5 44.bxc5 Qf4+ 45.Kg1 Rc6 46.Rf3 Qe4 47.Rd3 
Re6 48.Re3 Qd5 49.Kf2 Rc6 50.Rd3 1/2-1/2

[Event "EU-chT Seniors 03rd"]
[Site "Dresden"]
[Date "2001.02.26"]
[Round "1.2"]
[White "Chernikov, Oleg L"]
[Black "Hampel, Johannes"]
[Result "1-0"]
[WhiteElo "2424"]
[BlackElo "2079"]
[EventDate "2001.02.26"]
[PlyCount "77"]

1.Nf3 d5 2.d4 Bf5 3.c4 e6 4.Qb3 Nc6 5.Bd2 Rb8 6.e3 Be7 7.Bd3 Bxd3 8.Qxd3 
dxc4 9.Qxc4 Qd5 10.b3 Nf6 11.Nc3 Qxc4 12.bxc4 Na5 13.c5 Nc4 14.Rb1 c6 15.
a4 b6 16.Ke2 O-O 17.cxb6 Rxb6 18.Rxb6 axb6 19.Rb1 Ra8 20.Kd3 Nxd2 21.Nxd2 
Nd5 22.Nc4 Nb4+ 23.Kd2 Ra6 24.e4 c5 25.d5 Bg5+ 26.Ke2 Bf6 27.dxe6 fxe6 28.
e5 Be7 29.Rd1 Kf7 30.Rd7 Nd5 31.Nd6+ Kf8 32.Nxd5 exd5 33.Nf5 Rxa4 34.Nxe7 
Ke8 35.Rb7 Re4+ 36.Kd2 Rxe5 37.Nc8 Rg5 38.g3 Kd8 39.Nxb6 1-0

[Event "EU-chT Seniors 03rd"]
[Site "Dresden"]
[Date "2001.02.26"]
[Round "1.2"]
[White "Duemmke, Juergen"]
[Black "Shestoperov, Aleksej"]
[Result "0-1"]
[WhiteElo "2050"]
[BlackElo "2437"]
[EventDate "2001.02.26"]
[PlyCount "84"]

1.e4 c5 2.Nf3 e6 3.d4 cxd4 4.Nxd4 Nc6 5.g3 a6 6.Be3 Nf6 7.Bg2 Qc7 8.O-O d6
9.Nd2 Bd7 10.f4 Be7 11.c3 Rc8 12.Kh1 h5 13.N4b3 Na5 14.e5 Ng4 15.Bg1 Nxb3 
16.axb3 dxe5 17.fxe5 Nxe5 18.Bd4 Bc6 19.Qe2 Bxg2+ 20.Qxg2 Ng4 21.Nc4 h4 
22.Qf3 Qc6 23.Qxc6+ Rxc6 24.Rf4 f5 25.Kg2 h3+ 26.Kg1 b5 27.Rxg4 fxg4 28.
Ne5 Rd6 29.Ng6 Rh5 30.Nxe7 Kxe7 31.b4 Kf7 32.Bc5 Rd2 33.Rxa6 Rd1+ 34.Kf2 
Rh1 35.Ra7+ Kg6 36.Ke3 Rxh2 37.Bf8 Rg2 38.Rxg7+ Kf6 39.Rxg4 h2 40.Rf4+ Kg6
41.Rg4+ Kf7 42.Rf4+ Kg8 0-1

[Event "EU-chT Seniors 03rd"]
[Site "Dresden"]
[Date "2001.02.26"]
[Round "1.2"]
[White "Gradl, Rudolf"]
[Black "Pojedziniec, Wladyslaw"]
[Result "0-1"]
[WhiteElo "1678"]
[BlackElo "2225"]
[EventDate "2001.02.26"]
[PlyCount "90"]

1.d4 Nf6 2.e3 g6 3.Bd3 Bg7 4.f4 d6 5.Nf3 O-O 6.Nbd2 Nc6 7.c3 e5 8.O-O Qe7 
9.Be2 exf4 10.exf4 Qe3+ 11.Kh1 Ng4 12.Nc4 Qe7 13.Ng5 Nh6 14.Ne3 f6 15.Nd5 
Qd8 16.Nf3 Ne7 17.Bc4 Nxd5 18.Bxd5+ Kh8 19.Re1 Re8 20.Rxe8+ Qxe8 21.Qe1 
Bg4 22.Bd2 c6 23.Bb3 Bxf3 24.gxf3 d5 25.Bc2 Qd7 26.Qf2 Re8 27.Re1 Kg8 28.
Rxe8+ Qxe8 29.Qe3 Qd7 30.Kg2 Bf8 31.Qe2 Kf7 32.c4 Nf5 33.Bxf5 Qxf5 34.cxd5
Qxd5 35.Qe4 Qxa2 36.Bc3 Qd5 37.Kf2 Bd6 38.Ke3 Qe6 39.Qxe6+ Kxe6 40.Ke4 f5+
41.Ke3 Kd5 42.b3 Bc7 43.Bd2 a5 44.Be1 b5 45.Bc3 a4 0-1

[Event "EU-chT Seniors 03rd"]
[Site "Dresden"]
[Date "2001.02.26"]
[Round "1.2"]
[White "Hesse, Manfred"]
[Black "Eis, Helko"]
[Result "0-1"]
[WhiteElo "1825"]
[BlackElo "2123"]
[EventDate "2001.02.26"]
[PlyCount "52"]

1.c4 d6 2.Nc3 e5 3.g3 f5 4.Bg2 Nf6 5.e3 g6 6.Nge2 Bg7 7.d4 O-O 8.O-O Nc6 
9.b3 e4 10.f3 exf3 11.Bxf3 Qe8 12.Re1 Ne4 13.a3 a6 14.Qd3 Nxc3 15.Nxc3 
Nxd4 16.Bd1 Nc6 17.Bd2 Ne5 18.Qe2 c6 19.Bc2 g5 20.Bd1 b5 21.e4 f4 22.gxf4 
gxf4 23.Rf1 f3 24.Qf2 Bh3 25.Bc2 Ng4 26.Qh4 Bd4+ 0-1

[Event "EU-chT Seniors 03rd"]
[Site "Dresden"]
[Date "2001.02.26"]
[Round "1.2"]
[White "Nautsch, Werner"]
[Black "Koksch, Guenther"]
[Result "1-0"]
[WhiteElo "2206"]
[BlackElo "1996"]
[EventDate "2001.02.26"]
[PlyCount "71"]

1.c4 e6 2.Nf3 f5 3.g3 Nf6 4.Bg2 d6 5.O-O Be7 6.d3 O-O 7.Nc3 Nc6 8.Rb1 Qe8 
9.b4 Qh5 10.b5 Ne5 11.Nxe5 dxe5 12.e4 Qg6 13.exf5 exf5 14.d4 Rd8 15.Bd5+ 
Kh8 16.dxe5 Ng4 17.Qe2 Qh5 18.f3 Bc5+ 19.Kh1 Nh6 20.Be3 Be7 21.Rbd1 a6 22.
a4 Qg6 23.Bxh6 Qxh6 24.f4 axb5 25.cxb5 c6 26.Bf3 Bd7 27.Rd3 Qe6 28.Rfd1 
Be8 29.Rxd8 Rxd8 30.Rxd8 Bxd8 31.Qd3 Bc7 32.Ne2 Qa2 33.Qxf5 cxb5 34.axb5 
Bb6 35.Qc8 Qf7 36.Bxb7 1-0

[Event "EU-chT Seniors 03rd"]
[Site "Dresden"]
[Date "2001.02.26"]
[Round "1.2"]
[White "Rahls, Peter"]
[Black "Jaeger, Erich"]
[Result "1-0"]
[WhiteElo "2299"]
[BlackElo "1932"]
[EventDate "2001.02.26"]
[PlyCount "71"]

1.e4 c5 2.c3 Nf6 3.e5 Nd5 4.d4 cxd4 5.cxd4 e6 6.Nf3 d6 7.Bc4 Nb6 8.Bd3 Nc6
9.O-O Be7 10.Nc3 O-O 11.Qe2 Bd7 12.Qe4 g6 13.Bh6 Re8 14.Rad1 Nb4 15.exd6 
Bxd6 16.Ne5 Nxd3 17.Rxd3 f6 18.Rg3 f5 19.Qf4 Bxe5 20.dxe5 Qe7 21.h4 Rec8 
22.Bg5 Qf7 23.Rd1 Rc4 24.Rd4 Rac8 25.Bf6 Nd5 26.Nxd5 exd5 27.h5 Rxd4 28.
Qxd4 Rc1+ 29.Kh2 Rc4 30.Qxa7 Rg4 31.Qxb7 Rxg3 32.Kxg3 f4+ 33.Kxf4 Qe6 34.
f3 Qf5+ 35.Kg3 gxh5 36.Qxd5+ 1-0

[Event "EU-chT Seniors 03rd"]
[Site "Dresden"]
[Date "2001.02.26"]
[Round "1.2"]
[White "Schneider, Georg"]
[Black "Mueller, Siegmar"]
[Result "1-0"]
[WhiteElo "2106"]
[BlackElo "1839"]
[EventDate "2001.02.26"]
[PlyCount "75"]

1.e4 b6 2.Nf3 Bb7 3.Nc3 e6 4.d4 Nf6 5.Bd3 c5 6.O-O cxd4 7.Nxd4 Bb4 8.Nde2 
Nc6 9.Bf4 e5 10.Bg5 Bxc3 11.Nxc3 Nd4 12.f4 Qe7 13.Nd5 Bxd5 14.exd5 Qc5 15.
Kh1 Qxd5 16.fxe5 Ne4 17.c4 Qc6 18.Be3 Ne6 19.Qg4 N4c5 20.Bc2 h5 21.Qf5 
O-O-O 22.b4 g6 23.Qf2 Nb7 24.Rac1 h4 25.h3 g5 26.Qf5 Kb8 27.Be4 Qc7 28.c5 
bxc5 29.bxc5 Ka8 30.Rb1 Rb8 31.Rb5 Nd8 32.Rfb1 Nc6 33.Qxf7 Qxe5 34.Bxc6 
Qxe3 35.Bxb7+ Rxb7 36.Rxb7 Qd3 37.R7b3 Qd4 38.Qf3+ 1-0

[Event "EU-chT Seniors 03rd"]
[Site "Dresden"]
[Date "2001.02.26"]
[Round "1.2"]
[White "Starke, Burkhard"]
[Black "Kunath, Emil"]
[Result "1-0"]
[WhiteElo "2089"]
[BlackElo "1671"]
[EventDate "2001.02.26"]
[PlyCount "83"]

1.Nf3 f5 2.b3 Nf6 3.Bb2 d6 4.d4 Be6 5.c4 Nbd7 6.Qc2 g6 7.Nbd2 Bh6 8.e3 c6 
9.Bd3 d5 10.Rc1 O-O 11.O-O Rc8 12.Ba3 Ne4 13.cxd5 Nxd2 14.dxe6 Nxf3+ 15.
gxf3 Nb6 16.Qc5 Bg5 17.Rcd1 Qd5 18.e4 fxe4 19.fxe4 Qxc5 20.Bxc5 Rcd8 21.a4
Nc8 22.Bc2 Rf3 23.Bb4 Rdf8 24.Kg2 Bh4 25.Rd2 Bg5 26.Rd3 Rxd3 27.Bxd3 Rd8 
28.d5 cxd5 29.e5 Rf8 30.Bb5 Rf4 31.Bd2 Rf5 32.f4 Bh6 33.Rc1 Rf8 34.Bd7 Nb6
35.a5 Bxf4 36.Bxf4 Rxf4 37.axb6 axb6 38.Rc8+ Kg7 39.Re8 Re4 40.Rxe7+ Kh6 
41.Rf7 Rxe5 42.e7 1-0

[Event "EU-chT Seniors 03rd"]
[Site "Dresden"]
[Date "2001.02.26"]
[Round "1.2"]
[White "Weigel, Hans Juergen"]
[Black "Braun, Gottfried"]
[Result "0-1"]
[WhiteElo "1958"]
[BlackElo "2231"]
[EventDate "2001.02.26"]
[PlyCount "64"]

1.b4 e5 2.Bb2 e4 3.e3 d5 4.c4 c6 5.Qa4 Nd7 6.c5 Ngf6 7.Nh3 Be7 8.Be2 O-O 
9.O-O Qc7 10.d3 exd3 11.Bxd3 Ne5 12.Bxe5 Qxe5 13.Nd2 Bxh3 14.gxh3 Qg5+ 15.
Kh1 Qh4 16.Kg2 Bxc5 17.Nf3 Qxb4 18.Qc2 Bb6 19.Rg1 Ne4 20.Kh1 Qe7 21.Rg2 
Rfe8 22.Rag1 g6 23.h4 Rad8 24.h5 Qf6 25.Be2 Kg7 26.h4 d4 27.hxg6 hxg6 28.
h5 d3 29.Qb3 Rh8 30.Ne5 dxe2 31.Nxg6 Rxh5+ 32.Nh4+ Kh8 0-1

[Event "EU-chT Seniors 03rd"]
[Site "Dresden"]
[Date "2001.02.26"]
[Round "1.3"]
[White "Appelt, Gerd"]
[Black "Kholmov, Ratmir D"]
[Result "1/2-1/2"]
[WhiteElo "1991"]
[BlackElo "2420"]
[EventDate "2001.02.26"]
[PlyCount "79"]

1.e4 e5 2.Nf3 Nc6 3.c3 Nf6 4.Qc2 d6 5.d3 Be7 6.g3 O-O 7.Bg2 Re8 8.Nbd2 Bf8
9.O-O h6 10.Re1 g6 11.Nc4 Bg7 12.Ne3 Be6 13.Bd2 Qd7 14.Rad1 Rad8 15.b4 a6 
16.c4 Kh7 17.a4 Bh3 18.Nd5 Bxg2 19.Kxg2 Ne7 20.Rc1 Nfxd5 21.cxd5 c6 22.
dxc6 Nxc6 23.b5 axb5 24.axb5 Na7 25.Rb1 Nxb5 26.Qb3 Nd4 27.Nxd4 exd4 28.
Qxb7 d5 29.Qxd7 Rxd7 30.exd5 Rxe1 31.Rxe1 Bf6 32.Re8 Rxd5 33.Kf3 Rf5+ 34.
Ke2 h5 35.h4 Rb5 36.Rc8 Rb2 37.Kd1 Kg7 38.Rc6 Be5 39.Ra6 Rb1+ 40.Ke2 
1/2-1/2

[Event "EU-chT Seniors 03rd"]
[Site "Dresden"]
[Date "2001.02.26"]
[Round "1.3"]
[White "Arkhangelsky, Boris"]
[Black "Harzer, Paul"]
[Result "1/2-1/2"]
[WhiteElo "2318"]
[BlackElo "2066"]
[EventDate "2001.02.26"]
[PlyCount "92"]

1.d4 f5 2.g3 g6 3.Bg2 Nf6 4.b3 Bg7 5.Bb2 O-O 6.Nh3 c6 7.O-O d6 8.Nf4 Na6 
9.Nd2 Qe8 10.e4 Nxe4 11.Nxe4 fxe4 12.Bxe4 Nc7 13.Re1 Qf7 14.Qe2 Bd7 15.c4 
Rae8 16.d5 e5 17.dxe6 Nxe6 18.Nxe6 Bxe6 19.Bxg7 Kxg7 20.Qd2 d5 21.cxd5 
Bxd5 22.Bxd5 Qxd5 23.Qxd5 cxd5 24.Rad1 Rxe1+ 25.Rxe1 Kf6 26.f4 Rc8 27.Re2 
h6 28.Kf2 Rc3 29.g4 h5 30.gxh5 gxh5 31.Re5 Rc2+ 32.Kg3 h4+ 33.Kh3 Rxa2 34.
Rxd5 Rb2 35.Rb5 b6 36.Kxh4 Rxh2+ 37.Kg4 Rg2+ 38.Kf3 Rb2 39.Ke4 Ke6 40.Kd4 
Rf2 41.Ke3 Rb2 42.Kd3 Rf2 43.Re5+ Kf6 44.Re4 Rf3+ 45.Kc4 b5+ 46.Kb4 a5+ 
1/2-1/2

[Event "EU-chT Seniors 03rd"]
[Site "Dresden"]
[Date "2001.02.26"]
[Round "1.3"]
[White "Boeckenhaupt, Rudi"]
[Black "Brameyer, Hermann"]
[Result "0-1"]
[WhiteElo "1858"]
[BlackElo "2215"]
[EventDate "2001.02.26"]
[PlyCount "158"]

1.e4 c5 2.Nc3 Nc6 3.g3 g6 4.Bg2 Bg7 5.d3 Rb8 6.Be3 d6 7.Qd2 e5 8.Nd5 Nge7 
9.c4 Nxd5 10.cxd5 Ne7 11.Ne2 O-O 12.O-O Bd7 13.b4 b6 14.Rab1 f5 15.f3 Qe8 
16.a3 Rf7 17.Nc3 f4 18.Bf2 h5 19.bxc5 dxc5 20.Qb2 fxg3 21.hxg3 Rd8 22.Nb5 
Bxb5 23.Qxb5 Qxb5 24.Rxb5 Bh6 25.Re1 Nc8 26.Be3 Bxe3+ 27.Rxe3 Nd6 28.Rb1 
g5 29.Bh3 Kg7 30.a4 Rdf8 31.Rf1 c4 32.dxc4 Nxc4 33.Rd3 Nd6 34.Bg2 Rc8 35.
f4 gxf4 36.gxf4 Rxf4 37.Rxf4 exf4 38.e5 Nf7 39.Rd4 Nxe5 40.Rxf4 Rc4 41.Rf5
Ng4 42.d6 Rc1+ 43.Bf1 Ne3 44.Rf3 Nxf1 45.Kf2 Rd1 46.Rc3 Nh2 47.Rc7+ Kf6 
48.Rxa7 Ng4+ 49.Ke2 Rxd6 50.a5 Re6+ 51.Kf3 Re3+ 52.Kf4 bxa5 53.Rxa5 Re5 
54.Ra6+ Re6 55.Ra5 Kg6 56.Rg5+ Kh6 57.Rg8 Rf6+ 58.Kg3 Rg6 59.Rb8 Nf6+ 60.
Kh3 Rg5 61.Kh4 Rg4+ 62.Kh3 Rd4 63.Rb5 Rd5 64.Rb7 Kg6 65.Rb6 Kg5 66.Rb7 
Rd3+ 67.Kg2 Ng4 68.Rg7+ Kh4 69.Rh7 Rg3+ 70.Kh1 Rf3 71.Kg2 Rf2+ 72.Kg1 Re2 
73.Kf1 Rb2 74.Rh8 Ne3+ 75.Kg1 Kg3 76.Rg8+ Ng4 77.Kf1 h4 78.Rd8 Ne3+ 79.Kg1
Rb1+ 0-1

[Event "EU-chT Seniors 03rd"]
[Site "Dresden"]
[Date "2001.02.26"]
[Round "1.3"]
[White "Funk, Paul"]
[Black "Demmer, Wolfgang"]
[Result "1/2-1/2"]
[WhiteElo "2133"]
[BlackElo "1793"]
[EventDate "2001.02.26"]
[PlyCount "49"]

1.d4 f5 2.c4 e6 3.Nf3 Nf6 4.g3 c6 5.Bg2 d5 6.O-O Bd6 7.Qc2 O-O 8.Nbd2 Bd7 
9.b3 Be8 10.a3 Nbd7 11.b4 Rc8 12.Bb2 Ne4 13.Rac1 Bh5 14.Ne5 Bxe5 15.dxe5 
Bxe2 16.Nxe4 Bxf1 17.Nd6 Bxg2 18.Kxg2 Rc7 19.cxd5 exd5 20.e6 Nf6 21.Nxf5 
Ne4 22.e7 Rxe7 23.Nxe7+ Qxe7 24.f4 Re8 25.Bd4 1/2-1/2

[Event "EU-chT Seniors 03rd"]
[Site "Dresden"]
[Date "2001.02.26"]
[Round "1.3"]
[White "Groiss, Karl"]
[Black "Winiwarter, Felix"]
[Result "0-1"]
[WhiteElo "1855"]
[BlackElo "2155"]
[EventDate "2001.02.26"]
[PlyCount "56"]

1.d4 c5 2.d5 g6 3.c4 Bg7 4.e4 d6 5.Bd3 Nf6 6.Ne2 O-O 7.O-O e6 8.Nbc3 exd5 
9.exd5 Nbd7 10.f4 a6 11.Ng3 h5 12.f5 Ng4 13.Nge2 Nde5 14.fxg6 fxg6 15.Bf4 
Nxd3 16.Qxd3 Bf5 17.Qd2 Qd7 18.h3 Ne5 19.b3 b5 20.Ng3 bxc4 21.Bxe5 Bxe5 
22.Nxf5 Rxf5 23.bxc4 Qg7 24.Rfc1 Re8 25.Qc2 Bd4+ 26.Kh1 Re3 27.Qb3 Rxc3 
28.Qb8+ Qf8 0-1

[Event "EU-chT Seniors 03rd"]
[Site "Dresden"]
[Date "2001.02.26"]
[Round "1.3"]
[White "Khanukov, Boris"]
[Black "Hellbing, Horst"]
[Result "1-0"]
[WhiteElo "2263"]
[BlackElo "1983"]
[EventDate "2001.02.26"]
[PlyCount "65"]

1.d4 Nf6 2.c4 g6 3.Nc3 Bg7 4.e4 d6 5.Bg5 c5 6.d5 h6 7.Bh4 Nbd7 8.f4 Qa5 9.
Qd2 a6 10.Nf3 b5 11.cxb5 axb5 12.Bxb5 O-O 13.Bxd7 Nxd7 14.O-O Re8 15.Rfe1 
Nb6 16.e5 Nc4 17.Qe2 Ba6 18.Qc2 Rab8 19.Rab1 Rb7 20.exd6 Nxd6 21.Ne5 Nf5 
22.Bf2 Nd4 23.Qd2 Qb4 24.Re4 f5 25.Ree1 Rb6 26.a3 Nb3 27.axb4 Nxd2 28.Bxc5
Rb7 29.Ra1 Bxe5 30.Rxa6 Bxf4 31.Rxg6+ Kf7 32.Rge6 Nc4 33.Rf1 1-0

[Event "EU-chT Seniors 03rd"]
[Site "Dresden"]
[Date "2001.02.26"]
[Round "1.3"]
[White "Krawiec, Witold"]
[Black "Schulz, Guenter"]
[Result "1/2-1/2"]
[WhiteElo "2000"]
[BlackElo "1705"]
[EventDate "2001.02.26"]
[PlyCount "42"]

1.e4 e6 2.d4 d5 3.Nc3 dxe4 4.Nxe4 Be7 5.Bd3 Nf6 6.Nf3 O-O 7.O-O Nxe4 8.
Bxe4 Nd7 9.c3 Nf6 10.Bd3 Bd7 11.Qc2 h6 12.Ne5 c5 13.Be3 Rc8 14.Qd2 cxd4 
15.Bxd4 Bc5 16.Nxd7 Nxd7 17.Be4 Bxd4 18.Qxd4 Nc5 19.Qe3 Nxe4 20.Qxe4 Qc7 
21.Rfd1 Rfd8 1/2-1/2

[Event "EU-chT Seniors 03rd"]
[Site "Dresden"]
[Date "2001.02.26"]
[Round "1.3"]
[White "Landgraf, Siegfried"]
[Black "Salzmann, Helmut"]
[Result "1-0"]
[WhiteElo "2172"]
[BlackElo "1926"]
[EventDate "2001.02.26"]
[PlyCount "75"]

1.d4 d5 2.Nf3 Nf6 3.g3 c6 4.Bg2 e6 5.O-O Be7 6.c4 O-O 7.Qc2 Nbd7 8.Nbd2 h6
9.b3 b6 10.Bb2 Bb7 11.e4 Rc8 12.Rad1 Rc7 13.Rfe1 Re8 14.e5 Nh7 15.h4 c5 
16.Qb1 Qa8 17.dxc5 Nxc5 18.Nd4 Rd8 19.cxd5 Bxd5 20.Bxd5 Rxd5 21.Nc4 Rcd7 
22.Ne3 Rxe5 23.Nc6 Qxc6 24.Bxe5 Nf6 25.Qc2 Rxd1 26.Rxd1 Qf3 27.Bd6 Bxd6 
28.Rxd6 g6 29.Qd1 Qe4 30.Rd4 Qe5 31.Rd8+ Kg7 32.Qd4 Qh5 33.Qd6 Nfe4 34.
Qf8+ Kf6 35.Qh8+ Ke7 36.Rd4 Nd6 37.Nc4 Ne8 38.Ne5 1-0

[Event "EU-chT Seniors 03rd"]
[Site "Dresden"]
[Date "2001.02.26"]
[Round "1.3"]
[White "Lauterbach, Eberhard"]
[Black "Beckel, Friedrich"]
[Result "1/2-1/2"]
[WhiteElo "1293"]
[BlackElo "1955"]
[EventDate "2001.02.26"]
[PlyCount "54"]

1.d4 Nf6 2.c4 g6 3.Nc3 d5 4.cxd5 Nxd5 5.e4 Nxc3 6.bxc3 Bg7 7.Nf3 c5 8.Be3 
Nc6 9.Bb5 O-O 10.Bxc6 bxc6 11.O-O Qa5 12.Qd2 Rd8 13.Qc2 Be6 14.Rfb1 Qa6 
15.Rb2 Bc4 16.Rd1 cxd4 17.Bxd4 Be2 18.Qxe2 Qxe2 19.Rxe2 e5 20.Ree1 exd4 
21.cxd4 Rab8 22.d5 cxd5 23.Rxd5 Rxd5 24.exd5 Bf8 25.Kf1 Rb2 26.Re2 Rb1+ 
27.Re1 Rb2 1/2-1/2